| 000 | 00991cam a22003497a 4500 | ||
|---|---|---|---|
| 003 | CHAP | ||
| 005 | 20220817043126.0 | ||
| 008 | 971013s1984 r 00010 d | ||
| 010 | _a66326 | ||
| 011 | _a67298 | ||
| 035 | _a76768 | ||
| 040 | _cCHAP | ||
| 090 | _aFolleto 11952 | ||
| 110 | _aFAO | ||
| 245 | 0 | _aSmall pelagic fishes and fisheries in african inland waters | |
| 260 |
_aRome : _bFAO, _c1984 |
||
| 300 | _a25 p. | ||
| 410 | _aFAO | ||
| 490 | 0 |
_aCIFA. Documento técnico _v; 14 |
|
| 590 |
_aBATCH-UPD _b10 _c20130110 _lUCH01 _h1549 |
||
| 590 |
_aBATCH-UPD _b10 _c20130410 _lUCH01 _h0948 |
||
| 590 |
_aBATCH-UPD _b10 _c20130914 _lUCH01 _h0920 |
||
| 590 |
_aCONVERSION _b10 _c20130109 _lUCH01 _h1337 |
||
| 650 | 1 | 4 |
_aCharales. _921949 |
| 650 | 1 | 4 |
_aPesca _xAfrica. _987354 |
| 700 | 0 |
_aMarshall, B. E. _971600 |
|
| 810 | 0 | _aFAO | |
| 830 | 0 | 0 |
_aCIFA. Documento técnico _v; 14 _923266 |
| 901 | _aBK | ||
| 942 | _cFOLL | ||
| 949 |
_aFolleto 11952 _bBC _cFAO _d-29625 _eFAO1 _i76768 _si |
||
| 999 |
_c66326 _d66326 |
||